000 01031nam a2200301 a 4500
001 25558
003 BD-RjUL
005 20211209050909.0
008 140318s1968 enkabcf b 001 0 eng d
020 _a0090888308
035 _a(BD-RjUL)25628
040 _aDLC
_cDLC
_dBD-RjUL
_beng
041 _aeng
082 0 0 _a947.08
_bANB 1968
100 1 _aAnderson, Dorothy,
_d1923-
_92237
245 1 4 _aThe Balkan volunteers /
_cDorothy Anderson.
260 _aLondon :
_bHutchinson,
_cc1968.
300 _a228 p., [13] leaves of plates :
_bill., maps (1 fold.) ;
_c22 cm.
504 _aIncludes bibliographical references (p. [215]-219) and index.
650 0 _aSerbo-Turkish War, 1876
_xCivilian relief.
_978587
650 0 _aSerbo-Turkish War, 1876
_xWar work.
_978588
650 0 _aRusso-Turkish War, 1877-1878
_xCivilian relief.
_978589
650 0 _aRusso-Turkish War, 1877-1878
_xWar work.
_978590
650 0 _aEastern question (Balkan)
_y1874-1880.
_978591
942 _2ddc
_cBK
999 _c25558
_d25558